00342 a2200145 450000100060000002000150000604000240002110000220004524000380006724500330010530000070013836200090014544000110015465000310016569861 a8526008870 cAnchieta - Itaigara aLessa, Orígenes10aA pedra no sapato do heróilpor10aA pedra no sapato do herói a940 a2004 1aGlobal 4aLiteratura infanto-juvenil